000 002230000a22000970004500
100 1 _aDallape, Fabio
245 1 0 _aBeginning with street children
300 _aNúm 32 (1991), Páginas 8-9
773 0 _tTogether
942 _cANA
999 _c56373
_d56373